| 000 | 00494 a2200169 4500 | ||
|---|---|---|---|
| 001 | 139790 | ||
| 040 | _cLeonardo Da Vinci | ||
| 041 | _aPortuguês | ||
| 082 |
_a398 D16f _bD16f |
||
| 100 | _aDAMANTE, Hélio | ||
| 245 |
_aFolclore brasileiro _bSão Paulo |
||
| 260 |
_bFunarte _c1980 _aRio de Janeiro |
||
| 300 | _a65 | ||
| 362 | _a19800000 | ||
| 697 |
_aFolclore _aArte popular _aMitos _aLendas _aSão Paulo _aRegião Sudeste _aBrasil _aCulinária _aDanças _aArte _aArtesanato _aFesta |
||
| 942 | _cBK | ||
| 999 |
_c139790 _d139790 |
||